| LEADER | 01197nam a2200229 a 4500 | ||
|---|---|---|---|
| 001 | GR-MES14852 | ||
| 008 | 050207s1999 gr 000 0 gre d | ||
| 020 | |a 9608536324 |q χαρτόδ. | ||
| 040 | |a GrPaTEI |b gre |c GR-PaULI | ||
| 040 | |a GrPaTEI |b gre |c GR-PaULI | ||
| 082 | 0 | |a 621.21 |2 21 | |
| 100 | 1 | |a Ρούσκας, Ιωάννης Γ. | |
| 245 | 1 | 0 | |a Μυλοτόπια, μύλοι και μυλωνάδες / |c Γιάννης Ρούσκας. |
| 260 | |a Αθήναι : |b [χ.ό.], |c 1999 | ||
| 300 | |a 127 σ. : |b εικ. ; |c 22 εκ. | ||
| 504 | |a Περιλαμβάνει βιβλιογραφία. | ||
| 650 | 4 | |a ΥΔΡΟΜΥΛΟΙ |z ΕΛΛΑΣ |x ΙΣΤΟΡΙΑ | |
| 942 | |2 ddc | ||
| 952 | |0 0 |1 0 |2 ddc |4 0 |6 621_210000000000000_ΡΟΥ |7 0 |9 272731 |a MSLG |b MSLG |c BSC |d 2021-01-17 |e 24 |f 0 |g 0.00 |l 0 |o 621.21 ΡΟΥ |p 2420000023364 |r 2021-01-17 00:00:00 |t 1 |w 2021-01-17 |y BK15 |x 20090304 0 ΤΣΑΝΤΑΡΛΙΩΤΗ 1 |x GrPaTEI | ||
| 952 | |0 0 |1 0 |2 ddc |4 0 |6 621_210000000000000_ΡΟΥ |7 0 |9 272732 |a MSLG |b MSLG |c BSC |d 2021-01-17 |e 24 |f 0 |g 0.00 |l 0 |o 621.21 ΡΟΥ |p 2420000023365 |r 2021-01-17 00:00:00 |t 1 |w 2021-01-17 |y BK15 |x 20090304 0 ΤΣΑΝΤΑΡΛΙΩΤΗ 1 |x GrPaTEI | ||
| 971 | |a .b25809015 |b 16-04-20 |c 13-09-16 | ||
| 999 | |c 157782 |d 157782 | ||